[Event "Blitz 2018"]
[Site "Saint-Petersburg"]
[Date "2018.12.29"]
[Round "1"]
[Board "52"]
[White "Abdusattorov Nodirbek (UZB)"]
[Black "Matlakov Maxim (RUS)"]
[Result "1/2-1/2"]
[LiveChessVersion "1.4.8"]
[BlackElo "2653"]
[WhiteElo "2469"]

1. e4 {[%clk 0:03:03]} c5 {[%clk 0:03:03]} 2. Nf3 {[%clk 0:03:04]} Nc6
{[%clk 0:03:03]} 3. Bb5 {[%clk 0:03:04]} d6 {[%clk 0:03:02]} 4. O-O
{[%clk 0:02:57]} Bd7 {[%clk 0:03:03]} 5. c3 {[%clk 0:02:55]} Nf6 {[%clk 0:03:03]}
6. Re1 {[%clk 0:02:53]} a6 {[%clk 0:03:05]} 7. Bf1 {[%clk 0:02:46]} Bg4
{[%clk 0:03:05]} 8. d4 {[%clk 0:02:31]} Bxf3 {[%clk 0:03:03]} 9. gxf3
{[%clk 0:02:32]} cxd4 {[%clk 0:02:48]} 10. cxd4 {[%clk 0:02:33]} e5
{[%clk 0:02:47]} 11. d5 {[%clk 0:02:31]} Nd4 {[%clk 0:02:47]} 12. Be3
{[%clk 0:02:23]} Be7 {[%clk 0:02:27]} 13. Nd2 {[%clk 0:02:13]} O-O
{[%clk 0:02:22]} 14. f4 {[%clk 0:02:10]} Nd7 {[%clk 0:02:17]} 15. Bxd4
{[%clk 0:02:03]} exd4 {[%clk 0:02:18]} 16. Nf3 {[%clk 0:02:03]} Re8
{[%clk 0:02:14]} 17. e5 {[%clk 0:01:54]} dxe5 {[%clk 0:02:01]} 18. fxe5
{[%clk 0:01:51]} Bb4 {[%clk 0:02:01]} 19. Re4 {[%clk 0:01:38]} Bd6
{[%clk 0:01:35]} 20. Qxd4 {[%clk 0:01:19]} Nxe5 {[%clk 0:01:31]} 21. Nxe5
{[%clk 0:01:02]} Qg5+ {[%clk 0:01:32]} 22. Ng4 {[%clk 0:00:56]} h5
{[%clk 0:01:16]} 23. Rae1 {[%clk 0:00:47]} Rxe4 {[%clk 0:01:14]} 24. Rxe4
{[%clk 0:00:48]} hxg4 {[%clk 0:01:03]} 25. Rxg4 {[%clk 0:00:46]} Qh6
{[%clk 0:01:04]} 26. h4 {[%clk 0:00:40]} Re8 {[%clk 0:01:04]} 27. Kg2
{[%clk 0:00:37]} Re7 {[%clk 0:00:53]} 28. Bd3 {[%clk 0:00:34]} Be5
{[%clk 0:00:53]} 29. Qc5 {[%clk 0:00:32]} Rc7 {[%clk 0:00:49]} 30. Qa7
{[%clk 0:00:26]} g6 {[%clk 0:00:22]} 31. Qb8+ {[%clk 0:00:26]} Kg7
{[%clk 0:00:24]} 32. Qe8 {[%clk 0:00:27]} Bf6 {[%clk 0:00:15]} 33. d6
{[%clk 0:00:25]} Qh5 {[%clk 0:00:16]} 34. Rf4 {[%clk 0:00:11]} Qd5+
{[%clk 0:00:17]} 35. Be4 {[%clk 0:00:09]} Qxd6 {[%clk 0:00:18]} 36. Rg4
{[%clk 0:00:08]} Re7 {[%clk 0:00:19]} 37. Qc8 {[%clk 0:00:08]} Bxb2 38. h5 Qe6
{[%clk 0:00:14]} 39. Qxe6 {[%clk 0:00:07]} Rxe6 {[%clk 0:00:15]} 40. hxg6
{[%clk 0:00:08]} fxg6 {[%clk 0:00:16]} 41. Bxb7 {[%clk 0:00:08]} a5
{[%clk 0:00:17]} 42. Rc4 {[%clk 0:00:08]} Rb6 {[%clk 0:00:17]} 43. Be4
{[%clk 0:00:09]} Be5 {[%clk 0:00:17]} 44. a4 {[%clk 0:00:07]} g5 {[%clk 0:00:18]}
45. Rc5 {[%clk 0:00:07]} Kf6 {[%clk 0:00:15]} 46. Rxa5 {[%clk 0:00:08]} Rb2
{[%clk 0:00:15]} 47. Ra6+ {[%clk 0:00:09]} Kf7 {[%clk 0:00:15]} 48. Bd5+
{[%clk 0:00:05]} Kg7 {[%clk 0:00:17]} 49. Ra7+ {[%clk 0:00:06]} Kg6
{[%clk 0:00:15]} 50. Be4+ {[%clk 0:00:06]} Kf6 {[%clk 0:00:16]} 51. Kf1
{[%clk 0:00:07]} Bd4 {[%clk 0:00:16]} 52. Ra6+ {[%clk 0:00:08]} Ke7
{[%clk 0:00:16]} 53. f3 {[%clk 0:00:09]} Ra2 {[%clk 0:00:13]} 54. a5
{[%clk 0:00:10]} Kd7 {[%clk 0:00:11]} 55. Ra8 {[%clk 0:00:10]} Kc7
{[%clk 0:00:12]} 56. a6 {[%clk 0:00:11]} Bb6 {[%clk 0:00:11]} 57. Bb7
{[%clk 0:00:09]} Ra3 {[%clk 0:00:11]} 58. Rg8 {[%clk 0:00:09]} Be3
{[%clk 0:00:11]} 59. Kg2 {[%clk 0:00:10]} Bf4 {[%clk 0:00:12]} 60. Kh3
{[%clk 0:00:10]} Kb6 {[%clk 0:00:12]} 61. Rg6+ {[%clk 0:00:11]} Ka7
{[%clk 0:00:13]} 62. Rg7 {[%clk 0:00:11]} Kb6 {[%clk 0:00:14]} 63. Kg4
{[%clk 0:00:12]} Ra1 {[%clk 0:00:13]} 64. Bc8 {[%clk 0:00:13]} Ra3
{[%clk 0:00:13]} 65. Rb7+ {[%clk 0:00:14]} Kc6 {[%clk 0:00:13]} 66. Rg7
{[%clk 0:00:07]} Kb6 {[%clk 0:00:15]} 67. Bb7 {[%clk 0:00:07]} Ka7
{[%clk 0:00:14]} 68. Kf5 {[%clk 0:00:07]} Kb6 {[%clk 0:00:15]} 69. Ke6
{[%clk 0:00:07]} Ka7 {[%clk 0:00:15]} 70. Bc8+ {[%clk 0:00:07]} Kb8
{[%clk 0:00:15]} 71. Bb7 {[%clk 0:00:07]} Ka7 {[%clk 0:00:16]} 72. Kd5
{[%clk 0:00:07]} Rxf3 {[%clk 0:00:17]} 73. Bc8+ {[%clk 0:00:07]} Kb8
{[%clk 0:00:12]} 74. a7+ {[%clk 0:00:08]} Ka8 {[%clk 0:00:14]} 75. Kc4
{[%clk 0:00:04]} Ra3 {[%clk 0:00:13]} 76. Kb5 {[%clk 0:00:04]} Rxa7
{[%clk 0:00:13]} 77. Rg8 {[%clk 0:00:05]} Rc7 {[%clk 0:00:09]} 78. Be6+
{[%clk 0:00:05]} Ka7 {[%clk 0:00:09]} 79. Bd5 {[%clk 0:00:07]} Rb7+
{[%clk 0:00:09]} 80. Bxb7 {[%clk 0:00:07]} Kxb7 {[%clk 0:00:10]} 81. Rg7+
{[%clk 0:00:07]} Kc8 {[%clk 0:00:11]} 82. Kc6 Kd8 83. Kd5 {[%clk 0:00:09]} Kc8
{[%clk 0:00:13]} 84. Ke6 {[%clk 0:00:08]} Kd8 {[%clk 0:00:14]} 85. Rd7+
{[%clk 0:00:08]} Kc8 {[%clk 0:00:16]} 86. Rd4 {[%clk 0:00:09]} Kc7
{[%clk 0:00:16]} 87. Rc4+ {[%clk 0:00:10]} Kb6 {[%clk 0:00:17]} 88. Kd5
{[%clk 0:00:10]} Kb5 {[%clk 0:00:18]} 89. Re4 {[%clk 0:00:10]} Kb6
{[%clk 0:00:19]} 90. Rb4+ {[%clk 0:00:11]} Kc7 {[%clk 0:00:20]} 91. Rb5
{[%clk 0:00:13]} Be3 {[%clk 0:00:18]} 92. Rb3 {[%clk 0:00:12]} Bf4 93. Rb4 Be3
{[%clk 0:00:20]} 94. Ke6 {[%clk 0:00:13]} Bf4 {[%clk 0:00:21]} 95. Kf5
{[%clk 0:00:10]} Kc6 {[%clk 0:00:22]} 96. Ke6 {[%clk 0:00:08]} Kc5
{[%clk 0:00:23]} 97. Re4 {[%clk 0:00:09]} Bd2 {[%clk 0:00:22]} 98. Re5+
{[%clk 0:00:10]} Kc4 {[%clk 0:00:24]} 99. Kf5 {[%clk 0:00:11]} Bf4
{[%clk 0:00:24]} 100. Re6 {[%clk 0:00:10]} Kd3 {[%clk 0:00:25]} 101. Kg4
{[%clk 0:00:10]} Kd4 {[%clk 0:00:26]} 102. Kf3 {[%clk 0:00:11]} Kd5
{[%clk 0:00:27]} 103. Re4 {[%clk 0:00:12]} Kd6 {[%clk 0:00:28]} 104. Kg4
{[%clk 0:00:10]} Kd5 {[%clk 0:00:30]} 105. Kf5 {[%clk 0:00:11]} Kd6
{[%clk 0:00:31]} 106. Rd4+ {[%clk 0:00:12]} Kc5 {[%clk 0:00:32]} 107. Ke4
{[%clk 0:00:12]} Kc6 {[%clk 0:00:33]} 108. Rd5 {[%clk 0:00:13]} Bc1
{[%clk 0:00:32]} 109. Ke5 {[%clk 0:00:12]} Bf4+ {[%clk 0:00:33]} 110. Ke6
{[%clk 0:00:13]} Kc7 {[%clk 0:00:34]} 111. Rc5+ {[%clk 0:00:14]} Kb6
{[%clk 0:00:36]} 112. Kd5 {[%clk 0:00:15]} Be3 {[%clk 0:00:35]} 113. Rc6+
{[%clk 0:00:14]} Kb7 {[%clk 0:00:34]} 114. Kd6 {[%clk 0:00:15]} Bf4+
{[%clk 0:00:35]} 115. Kd7 {[%clk 0:00:16]} Be5 {[%clk 0:00:22]} 116. Rc5
{[%clk 0:00:17]} Bf4 {[%clk 0:00:24]} 117. Rb5+ {[%clk 0:00:18]} Ka6
{[%clk 0:00:25]} 118. Kc6 {[%clk 0:00:20]} Ka7 {[%clk 0:00:25]} 119. Rb4
{[%clk 0:00:18]} Bh2 {[%clk 0:00:20]} 120. Rb7+ {[%clk 0:00:16]} Ka8
{[%clk 0:00:21]} 121. Rb5 {[%clk 0:00:15]} Bf4 {[%clk 0:00:21]} 122. Kb6
{[%clk 0:00:14]} Kb8 {[%clk 0:00:22]} 123. Kc6+ {[%clk 0:00:11]} Kc8
{[%clk 0:00:23]} 124. Rd5 {[%clk 0:00:10]} Kb8 {[%clk 0:00:15]} 125. Rd8+
{[%clk 0:00:10]} Ka7 {[%clk 0:00:17]} 126. Rg8 {[%clk 0:00:06]} Be3
{[%clk 0:00:16]} 127. Rg6 {[%clk 0:00:06]} Bf4 {[%clk 0:00:17]} 128. Kb5
{[%clk 0:00:06]} Kb7 {[%clk 0:00:18]} 129. Rg7+ {[%clk 0:00:07]} Kc8
{[%clk 0:00:19]} 130. Kc6 {[%clk 0:00:08]} Kd8 {[%clk 0:00:20]} 131. Kd5
{[%clk 0:00:09]} Ke8 {[%clk 0:00:20]} 132. Ke6 {[%clk 0:00:10]} Kd8
{[%clk 0:00:22]} 133. Rf7 {[%clk 0:00:09]} Kc8 {[%clk 0:00:21]} 134. Rd7
{[%clk 0:00:10]} Bg3 {[%clk 0:00:20]} 135. Re7 {[%clk 0:00:08]} Bf4
{[%clk 0:00:21]} 136. Rg7 {[%clk 0:00:10]} Kd8 {[%clk 0:00:21]} 137. Rd7+
{[%clk 0:00:04]} Kc8 {[%clk 0:00:23]} 138. Re7 {[%clk 0:00:05]} Kd8
{[%clk 0:00:24]} 139. Ra7 {[%clk 0:00:06]} Kc8 {[%clk 0:00:25]} 140. Rd7
{[%clk 0:00:06]} Bg3 {[%clk 0:00:24]} 141. Rd3 {[%clk 0:00:06]} Bf4
{[%clk 0:00:25]} 1/2-1/2

[Event "Blitz 2018"]
[Site "Saint-Petersburg"]
[Date "2018.12.29"]
[Round "1"]
[Board "53"]
[White "Sargissian Gabriel (ARM)"]
[Black "Bilguun Sumiya (MGL)"]
[Result "0-1"]
[LiveChessVersion "1.4.8"]
[BlackElo "2469"]
[WhiteElo "2651"]

1. Nf3 {[%clk 0:03:02]} d5 {[%clk 0:03:03]} 2. g3 {[%clk 0:03:03]} c6
{[%clk 0:03:04]} 3. Bg2 {[%clk 0:03:04]} Bg4 {[%clk 0:03:04]} 4. O-O
{[%clk 0:02:58]} Nd7 {[%clk 0:03:04]} 5. d3 {[%clk 0:02:57]} Ngf6
{[%clk 0:03:02]} 6. h3 {[%clk 0:02:37]} Bh5 {[%clk 0:03:02]} 7. Qe1
{[%clk 0:02:37]} e5 {[%clk 0:02:31]} 8. e4 {[%clk 0:02:35]} Bd6 {[%clk 0:02:16]}
9. Nh4 {[%clk 0:02:28]} O-O {[%clk 0:01:39]} 10. Nc3 d4 11. Ne2 Re8 12. Nf5
{[%clk 0:01:40]} Bf8 {[%clk 0:01:42]} 13. f4 {[%clk 0:01:41]} Bxe2
{[%clk 0:01:14]} 14. Qxe2 {[%clk 0:01:38]} exf4 {[%clk 0:00:52]} 15. Bxf4
{[%clk 0:01:30]} c5 {[%clk 0:00:34]} 16. Kh2 {[%clk 0:01:24]} Ne5 17. Rf2
{[%clk 0:01:22]} c4 {[%clk 0:00:27]} 18. Raf1 cxd3 {[%clk 0:00:26]} 19. cxd3
{[%clk 0:01:23]} Ng6 {[%clk 0:00:27]} 20. Bg5 {[%clk 0:01:18]} Re6 21. Bxf6 gxf6
{[%clk 0:00:26]} 22. h4 {[%clk 0:00:58]} h6 {[%clk 0:00:15]} 23. Bh3
{[%clk 0:00:56]} Rb6 {[%clk 0:00:16]} 24. Qh5 {[%clk 0:00:45]} Kh7
{[%clk 0:00:17]} 25. e5 {[%clk 0:00:34]} fxe5 {[%clk 0:00:17]} 26. Ne7
{[%clk 0:00:26]} Nxe7 {[%clk 0:00:09]} 27. Rxf7+ {[%clk 0:00:26]} Bg7
{[%clk 0:00:08]} 28. Bf5+ {[%clk 0:00:19]} Nxf5 {[%clk 0:00:09]} 29. Qxf5+
{[%clk 0:00:19]} Kh8 {[%clk 0:00:09]} 30. b3 {[%clk 0:00:16]} Rc6
{[%clk 0:00:10]} 31. Rf2 {[%clk 0:00:16]} Qd6 {[%clk 0:00:06]} 32. h5
{[%clk 0:00:13]} Rg8 {[%clk 0:00:07]} 33. Qe4 {[%clk 0:00:13]} 0-1

[Event "Blitz 2018"]
[Site "Saint-Petersburg"]
[Date "2018.12.29"]
[Round "1"]
[Board "54"]
[White "Petrov Nikita (RUS)"]
[Black "Zvjaginsev Vadim (RUS)"]
[Result "1/2-1/2"]
[LiveChessVersion "1.4.8"]
[BlackElo "2649"]
[WhiteElo "2468"]

1. e4 {[%clk 0:03:02]} d6 {[%clk 0:03:03]} 2. d4 {[%clk 0:03:03]} Nf6
{[%clk 0:03:04]} 3. Bd3 {[%clk 0:03:03]} e5 {[%clk 0:03:05]} 4. Nf3
{[%clk 0:02:55]} exd4 {[%clk 0:03:04]} 5. Nxd4 {[%clk 0:02:54]} g6
{[%clk 0:03:04]} 6. O-O {[%clk 0:02:50]} Bg7 {[%clk 0:03:05]} 7. c4
{[%clk 0:02:44]} O-O {[%clk 0:03:04]} 8. Nc3 {[%clk 0:02:44]} Nc6
{[%clk 0:03:01]} 9. Nc2 {[%clk 0:02:32]} Re8 {[%clk 0:02:53]} 10. Re1
{[%clk 0:02:28]} Ng4 {[%clk 0:02:48]} 11. h3 {[%clk 0:02:08]} Nge5
{[%clk 0:02:40]} 12. Bf1 {[%clk 0:02:07]} Nd7 {[%clk 0:02:31]} 13. g3
{[%clk 0:00:57]} Nc5 {[%clk 0:02:26]} 14. Bg2 {[%clk 0:00:50]} Ne5
{[%clk 0:02:26]} 15. Ne3 {[%clk 0:00:38]} Ned3 {[%clk 0:02:16]} 16. Re2
{[%clk 0:00:38]} Bxc3 {[%clk 0:02:16]} 17. bxc3 {[%clk 0:00:39]} Nxc1
{[%clk 0:02:15]} 18. Qxc1 c6 {[%clk 0:01:59]} 19. Qc2 {[%clk 0:00:21]} Qe7
{[%clk 0:01:43]} 20. Rae1 {[%clk 0:00:18]} Bd7 {[%clk 0:01:43]} 21. Qd1
{[%clk 0:00:13]} Rad8 {[%clk 0:01:40]} 22. Qd4 {[%clk 0:00:14]} Qe5
{[%clk 0:01:31]} 23. Nc2 {[%clk 0:00:11]} Na4 {[%clk 0:01:17]} 24. Qxa7
{[%clk 0:00:07]} Nc5 {[%clk 0:01:00]} 25. Qb6 {[%clk 0:00:06]} Qxc3
{[%clk 0:00:58]} 26. Ne3 {[%clk 0:00:05]} Be6 {[%clk 0:00:52]} 27. e5
{[%clk 0:00:04]} Nd3 {[%clk 0:00:42]} 28. Rd1 {[%clk 0:00:05]} dxe5
{[%clk 0:00:38]} 29. Qxb7 {[%clk 0:00:05]} Nb4 {[%clk 0:00:21]} 30. Rxd8
{[%clk 0:00:04]} Rxd8 {[%clk 0:00:23]} 31. Qc7 {[%clk 0:00:05]} Rc8
{[%clk 0:00:19]} 32. Qd6 {[%clk 0:00:06]} Qd4 {[%clk 0:00:15]} 33. Rd2
{[%clk 0:00:05]} Qxd6 {[%clk 0:00:15]} 34. Rxd6 {[%clk 0:00:07]} Ra8
{[%clk 0:00:10]} 35. Bxc6 {[%clk 0:00:07]} Nxc6 {[%clk 0:00:11]} 36. Rxc6
{[%clk 0:00:08]} Bxh3 {[%clk 0:00:11]} 37. g4 {[%clk 0:00:06]} h5
{[%clk 0:00:11]} 38. gxh5 {[%clk 0:00:07]} gxh5 {[%clk 0:00:12]} 39. Rh6
{[%clk 0:00:08]} Bg4 {[%clk 0:00:10]} 40. Nxg4 {[%clk 0:00:08]} hxg4
{[%clk 0:00:11]} 41. Rh5 {[%clk 0:00:09]} f6 {[%clk 0:00:11]} 42. Rh4
{[%clk 0:00:10]} Rxa2 {[%clk 0:00:09]} 43. Rxg4+ {[%clk 0:00:11]} Kf7
{[%clk 0:00:11]} 1/2-1/2

[Event "Blitz 2018"]
[Site "Saint-Petersburg"]
[Date "2018.12.29"]
[Round "1"]
[Board "55"]
[White "Piorun Kacper (POL)"]
[Black "Iljiushenok Ilia (RUS)"]
[Result "1-0"]
[LiveChessVersion "1.4.8"]
[BlackElo "2467"]
[WhiteElo "2646"]

1. c4 {[%clk 0:03:03]} Nf6 {[%clk 0:03:03]} 2. g3 {[%clk 0:03:04]} g6
{[%clk 0:03:03]} 3. Bg2 {[%clk 0:03:05]} Bg7 {[%clk 0:03:04]} 4. Nc3
{[%clk 0:03:06]} O-O {[%clk 0:03:04]} 5. e4 {[%clk 0:03:07]} d6 {[%clk 0:03:04]}
6. Nge2 {[%clk 0:03:07]} c5 {[%clk 0:03:05]} 7. O-O {[%clk 0:03:07]} Nc6
{[%clk 0:03:06]} 8. d3 {[%clk 0:03:08]} a6 {[%clk 0:03:04]} 9. h3
{[%clk 0:02:54]} Rb8 {[%clk 0:03:05]} 10. a4 {[%clk 0:02:55]} Nd7
{[%clk 0:02:55]} 11. Be3 {[%clk 0:02:53]} Nd4 {[%clk 0:02:56]} 12. Rb1
{[%clk 0:02:51]} b6 {[%clk 0:02:54]} 13. b4 {[%clk 0:02:49]} Bb7 {[%clk 0:02:49]}
14. f4 {[%clk 0:02:39]} e6 {[%clk 0:02:49]} 15. Qd2 {[%clk 0:02:25]} Qe7
{[%clk 0:02:47]} 16. a5 {[%clk 0:02:20]} bxa5 {[%clk 0:01:59]} 17. bxa5
{[%clk 0:02:05]} Bc6 {[%clk 0:02:00]} 18. Bf2 {[%clk 0:02:00]} f5
{[%clk 0:01:56]} 19. Nxd4 {[%clk 0:01:55]} cxd4 {[%clk 0:01:57]} 20. Ne2
{[%clk 0:01:56]} e5 {[%clk 0:01:56]} 21. Rxb8 {[%clk 0:01:41]} Rxb8
{[%clk 0:01:57]} 22. exf5 {[%clk 0:01:36]} Bxg2 {[%clk 0:01:58]} 23. Kxg2
{[%clk 0:01:37]} gxf5 {[%clk 0:01:59]} 24. Bg1 {[%clk 0:01:37]} Rf8
{[%clk 0:01:51]} 25. Qd1 {[%clk 0:01:11]} Nc5 {[%clk 0:01:48]} 26. Nc1
{[%clk 0:01:00]} Qd7 {[%clk 0:01:16]} 27. Kh2 {[%clk 0:00:49]} Rb8
{[%clk 0:01:14]} 28. fxe5 {[%clk 0:00:39]} dxe5 {[%clk 0:01:13]} 29. Qf3
{[%clk 0:00:40]} Rb2+ {[%clk 0:01:09]} 30. Rf2 {[%clk 0:00:38]} e4
{[%clk 0:01:07]} 31. Qf4 {[%clk 0:00:35]} Rxf2+ {[%clk 0:01:01]} 32. Bxf2
{[%clk 0:00:35]} e3 {[%clk 0:00:47]} 33. Be1 {[%clk 0:00:33]} Qb7
{[%clk 0:00:45]} 34. Qxf5 {[%clk 0:00:24]} Qb2+ {[%clk 0:00:46]} 35. Kh1
{[%clk 0:00:24]} Qxc1 {[%clk 0:00:47]} 36. Qd5+ {[%clk 0:00:25]} Kf8
{[%clk 0:00:30]} 37. Qxc5+ {[%clk 0:00:25]} Kf7 {[%clk 0:00:28]} 38. Qf5+
{[%clk 0:00:24]} Ke7 {[%clk 0:00:24]} 39. Qf1 {[%clk 0:00:18]} Ke6
{[%clk 0:00:15]} 40. Qe2 {[%clk 0:00:19]} Bf8 {[%clk 0:00:08]} 41. Kg2
{[%clk 0:00:20]} Qb1 {[%clk 0:00:07]} 42. Qg4+ {[%clk 0:00:19]} Kf7
{[%clk 0:00:06]} 43. Qf5+ {[%clk 0:00:16]} Kg7 {[%clk 0:00:06]} 44. Qg4+
{[%clk 0:00:14]} Kf7 {[%clk 0:00:07]} 45. Qf5+ {[%clk 0:00:15]} Kg7
{[%clk 0:00:07]} 46. Kf1 {[%clk 0:00:08]} Bb4 {[%clk 0:00:03]} 47. Qd7+
{[%clk 0:00:05]} Kg6 {[%clk 0:00:04]} 48. Qc6+ {[%clk 0:00:05]} Kf7
{[%clk 0:00:03]} 49. Qb7+ {[%clk 0:00:06]} Ke6 {[%clk 0:00:04]} 50. Qxb4
{[%clk 0:00:07]} Qxd3+ {[%clk 0:00:05]} 51. Kg1 {[%clk 0:00:08]} Qe2
{[%clk 0:00:05]} 52. Qb6+ {[%clk 0:00:06]} Ke5 {[%clk 0:00:07]} 53. Qc7+
{[%clk 0:00:06]} Ke6 {[%clk 0:00:07]} 54. Qc6+ {[%clk 0:00:06]} Kf7
{[%clk 0:00:07]} 55. Qd5+ {[%clk 0:00:06]} Kg6 {[%clk 0:00:08]} 56. Qe4+
{[%clk 0:00:06]} Kf7 {[%clk 0:00:10]} 57. Qxh7+ {[%clk 0:00:06]} Kf6
{[%clk 0:00:11]} 58. Qh4+ {[%clk 0:00:06]} Ke5 {[%clk 0:00:12]} 59. Qf4+
{[%clk 0:00:07]} Ke6 {[%clk 0:00:13]} 60. Qe4+ Kf7 61. Qf5+ {[%clk 0:00:07]} Kg7
{[%clk 0:00:14]} 62. Qg4+ {[%clk 0:00:04]} Qxg4 63. hxg4 {[%clk 0:00:05]} d3 64.
Kf1 Kf6 {[%clk 0:00:11]} 65. c5 {[%clk 0:00:06]} Ke5 {[%clk 0:00:11]} 66. c6
{[%clk 0:00:07]} Kd4 {[%clk 0:00:06]} 67. c7 {[%clk 0:00:07]} d2 {[%clk 0:00:05]}
68. Bxd2 {[%clk 0:00:05]} Kd5 1-0

[Event "Blitz 2018"]
[Site "Saint-Petersburg"]
[Date "2018.12.29"]
[Round "1"]
[Board "56"]
[White "Zablotsky Sergei (RUS)"]
[Black "Salem A.R. Saleh (UAE)"]
[Result "0-1"]
[LiveChessVersion "1.4.8"]
[BlackElo "2645"]
[WhiteElo "2459"]

1. d4 {[%clk 0:03:03]} Nf6 {[%clk 0:03:03]} 2. c4 {[%clk 0:03:04]} g6
{[%clk 0:03:04]} 3. Nc3 {[%clk 0:03:05]} d5 {[%clk 0:03:05]} 4. e3
{[%clk 0:03:02]} Bg7 {[%clk 0:03:06]} 5. Qb3 {[%clk 0:03:02]} e6 {[%clk 0:03:05]}
6. Qa3 {[%clk 0:03:03]} c6 {[%clk 0:03:04]} 7. Nf3 {[%clk 0:03:00]} a5
{[%clk 0:03:05]} 8. b3 {[%clk 0:02:54]} Na6 {[%clk 0:03:06]} 9. Bd2
{[%clk 0:02:45]} Nb4 {[%clk 0:03:07]} 10. Qb2 {[%clk 0:02:45]} O-O
{[%clk 0:03:06]} 11. Rd1 {[%clk 0:02:41]} Qe7 {[%clk 0:03:06]} 12. Be2
{[%clk 0:02:36]} Rd8 {[%clk 0:03:06]} 13. O-O {[%clk 0:02:35]} b6
{[%clk 0:03:06]} 14. a3 {[%clk 0:02:32]} Na6 {[%clk 0:03:07]} 15. Ne5
{[%clk 0:02:32]} Bb7 {[%clk 0:03:07]} 16. f4 {[%clk 0:02:24]} c5 {[%clk 0:03:04]}
17. Nb5 {[%clk 0:02:03]} Nc7 {[%clk 0:02:55]} 18. Nxc7 {[%clk 0:01:47]} Qxc7
{[%clk 0:02:55]} 19. Bf3 {[%clk 0:01:42]} cxd4 {[%clk 0:02:55]} 20. exd4
{[%clk 0:01:42]} Ne4 {[%clk 0:02:46]} 21. Be3 {[%clk 0:01:33]} Rac8
{[%clk 0:02:03]} 22. Bxe4 {[%clk 0:01:20]} dxe4 {[%clk 0:02:04]} 23. a4
{[%clk 0:01:21]} f6 {[%clk 0:01:56]} 24. Ng4 {[%clk 0:01:21]} Qe7
{[%clk 0:01:46]} 25. Rd2 {[%clk 0:01:12]} Rd7 {[%clk 0:01:39]} 26. Rfd1
{[%clk 0:01:12]} Rcd8 {[%clk 0:01:40]} 27. Nf2 {[%clk 0:00:55]} f5
{[%clk 0:01:41]} 28. Nh1 {[%clk 0:00:56]} Bf6 {[%clk 0:01:26]} 29. Ng3
{[%clk 0:00:56]} h6 {[%clk 0:01:09]} 30. Ne2 {[%clk 0:00:52]} g5 {[%clk 0:01:10]}
31. g3 {[%clk 0:00:36]} Kh7 {[%clk 0:01:11]} 32. Kf2 {[%clk 0:00:35]} Qf7
{[%clk 0:01:13]} 33. Qc3 {[%clk 0:00:24]} Qh5 {[%clk 0:01:14]} 34. Kg1
{[%clk 0:00:25]} Qg4 {[%clk 0:00:46]} 35. Rf1 {[%clk 0:00:24]} Rg7
{[%clk 0:00:39]} 36. Kg2 {[%clk 0:00:22]} Qh5 {[%clk 0:00:30]} 37. Qc1
{[%clk 0:00:19]} Bc6 {[%clk 0:00:25]} 38. Qe1 {[%clk 0:00:19]} Qe8
{[%clk 0:00:23]} 39. Qf2 {[%clk 0:00:18]} Qe7 {[%clk 0:00:23]} 40. Rc1
{[%clk 0:00:18]} Be8 {[%clk 0:00:24]} 41. d5 {[%clk 0:00:11]} Bh5
{[%clk 0:00:18]} 42. dxe6 {[%clk 0:00:08]} Rxd2 {[%clk 0:00:17]} 43. Bxd2
{[%clk 0:00:09]} Qxe6 {[%clk 0:00:17]} 44. Bc3 {[%clk 0:00:09]} Rd7
{[%clk 0:00:18]} 45. Nd4 {[%clk 0:00:09]} Bxd4 {[%clk 0:00:13]} 46. Bxd4
{[%clk 0:00:10]} Bf3+ {[%clk 0:00:15]} 47. Kf1 {[%clk 0:00:10]} gxf4
{[%clk 0:00:16]} 48. gxf4 {[%clk 0:00:11]} Qd6 {[%clk 0:00:15]} 49. Bc3
{[%clk 0:00:04]} Qd3+ {[%clk 0:00:16]} 50. Ke1 {[%clk 0:00:05]} Qd1+
{[%clk 0:00:17]} 0-1

[Event "Blitz 2018"]
[Site "Saint-Petersburg"]
[Date "2018.12.29"]
[Round "1"]
[Board "57"]
[White "Indjic Aleksandar (SRB)"]
[Black "Usmanov Vasily (RUS)"]
[Result "1-0"]
[LiveChessVersion "1.4.8"]
[BlackElo "2459"]
[WhiteElo "2643"]

1. Nc3 {[%clk 0:03:02]} d5 {[%clk 0:02:57]} 2. e4 {[%clk 0:03:03]} e6
{[%clk 0:02:48]} 3. Nf3 {[%clk 0:02:59]} d4 {[%clk 0:02:47]} 4. Ne2
{[%clk 0:03:00]} c5 {[%clk 0:02:47]} 5. Ng3 {[%clk 0:03:00]} Nc6 {[%clk 0:02:48]}
6. Bc4 {[%clk 0:02:49]} g6 {[%clk 0:02:44]} 7. a3 {[%clk 0:02:49]} Bg7
{[%clk 0:02:44]} 8. d3 {[%clk 0:02:50]} Nge7 {[%clk 0:02:45]} 9. h4
{[%clk 0:02:48]} h5 {[%clk 0:02:45]} 10. Ng5 {[%clk 0:02:32]} Qd6
{[%clk 0:02:22]} 11. f4 {[%clk 0:02:32]} f6 {[%clk 0:02:21]} 12. e5
{[%clk 0:02:30]} fxe5 {[%clk 0:02:11]} 13. N3e4 {[%clk 0:02:30]} Qb8
{[%clk 0:02:07]} 14. Bxe6 {[%clk 0:02:20]} Bxe6 {[%clk 0:01:54]} 15. Nxe6
{[%clk 0:02:21]} exf4 {[%clk 0:01:35]} 16. Nxg7+ {[%clk 0:02:15]} Kf7
{[%clk 0:01:36]} 17. Bxf4 {[%clk 0:02:15]} Ne5 {[%clk 0:01:20]} 18. O-O
{[%clk 0:02:12]} Kxg7 {[%clk 0:01:21]} 19. Nxc5 {[%clk 0:01:50]} Qd6
{[%clk 0:00:59]} 20. Nd7 {[%clk 0:01:41]} N7c6 {[%clk 0:00:55]} 21. Nxe5
{[%clk 0:01:41]} Nxe5 {[%clk 0:00:56]} 22. Qe2 {[%clk 0:01:43]} Rhe8
{[%clk 0:00:17]} 23. Rae1 {[%clk 0:01:44]} Nf7 {[%clk 0:00:15]} 24. Qxe8
{[%clk 0:01:23]} Rxe8 {[%clk 0:00:13]} 25. Bxd6 {[%clk 0:01:24]} Nxd6
{[%clk 0:00:12]} 26. Rxe8 {[%clk 0:01:24]} Nxe8 {[%clk 0:00:13]} 27. Rf4
{[%clk 0:01:25]} Nc7 {[%clk 0:00:14]} 28. Rxd4 {[%clk 0:01:26]} 1-0